000 01086nam a2200325 i 4500
001 000010161
003 DO-SdBNP
005 20250717074015.0
007 ta
008 091005s1990 dr a r 001 p spa d
040 _aDO-SdBNP
_bspa
_cBNPHU
_erda
041 _aspa
082 4 _aRD861.44
_bC355e, 1990
_222
100 1 _aCastro, Tomás,
_d1959-
_eautor
_4aut.
_924641
245 1 0 _aEntre la espada y el espejo /
_cTomás Castro.
250 _aSegunda edición
264 4 _aSanto Domingo :
_bBiblioteca Nacional Pedro Henríquez Ureña (BNPHU),
_c©1990.
300 _a91 páginas :
_bilustraciones ,
_c21 cm.
336 _atexto
_btxt
_2rdacontent
337 _asin mediación
_bn
_2rdamedia
338 _avolumen
_bnc
_2rdacarrier
490 0 _aColección Orfeo
586 _aPremio Biblioteca Nacional 1986
590 _aInventariado, 2018/BT
650 7 _aPoesía dominicana
_966
_2LEMB
650 7 _aLiteratura dominicana.
_967
_2LEMB
710 2 _aBiblioteca Nacional Pedro Henríquez Ureña
_981292
910 _aValidado. Control de calidad. MMOLINA
942 _2ddc
_cLBS1
999 _c9920
_d9920